[Event "Belgrade op"]
[Site "Belgrade"]
[Date "2009.11.30"]
[Round "7"]
[White "Tomic, Miroslav"]
[Black "Menkinoski, Riste"]
[Result "0-1"]
[WhiteElo "2050"]
[BlackElo "2346"]
[PlyCount "90"]
[EventDate "2009.11.24"]
[EventType "swiss"]
[EventRounds "9"]
[EventCountry "YUG"]
[SourceTitle "CBM 133 Extra"]
[Source "ChessBase"]
[SourceDate "2010.01.05"]
[SourceVersion "1"]
[SourceVersionDate "2010.01.05"]
[SourceQuality "1"]

1. d4 Nf6 2. Nf3 e6 3. c4 Bb4+ 4. Bd2 a5 5. Nc3 b6 6. e3 Bb7 7. Be2 0-0 8. 0-0 d6 9. a3 Bxc3 10. Bxc3 a4 11. Nd2 Nbd7 12. Bd3 Ra7 13. e4 e5 14. d5 c6 15. f4 b5 16. fxe5 Nxe5 17. Bxe5 dxe5 18. cxb5 cxd5 19. Re1 Re8 20. Kh1 Qb6 21. Rc1 dxe4 22. Nxe4 Nxe4 23. Bxe4 Qxb5 24. Bxb7 Rxb7 25. Rc2 h6 26. Re4 Rd7 27. Qf3 Qb3 28. Rec4 Red8 29. h3 Qxf3 30. gxf3 Rd2 31. Rxd2 Rxd2 32. Rxa4 Rxb2 33. Kg1 Kh7 34. Ra6 f6 35. Kf1 Kg6 36. Ra7 h5 37. a4 Ra2 38. a5 h4 39. Kg1 f5 40. a6 Kf6 41. Ra8 g6 42. f4 exf4 43. a7 Kg7 44. Kf1 g5 45. Kg1 g4 0-1

[Event "Belgrade op"]
[Site "Belgrade"]
[Date "2009.11.29"]
[Round "6"]
[White "Kahrovic, Mersid"]
[Black "Tomic, Miroslav"]
[Result "1/2-1/2"]
[WhiteElo "2299"]
[BlackElo "2050"]
[PlyCount "86"]
[EventDate "2009.11.24"]
[EventType "swiss"]
[EventRounds "9"]
[EventCountry "YUG"]
[SourceTitle "CBM 133 Extra"]
[Source "ChessBase"]
[SourceDate "2010.01.05"]
[SourceVersion "1"]
[SourceVersionDate "2010.01.05"]
[SourceQuality "1"]

1. e4 c6 2. Qe2 d5 3. d3 Qc7 4. g3 g6 5. Bg2 dxe4 6. dxe4 Bg7 7. Nf3 e5 8. 0-0 Nf6 9. b3 0-0 10. Bb2 Re8 11. Nbd2 b6 12. Rfd1 Ba6 13. Qe1 c5 14. Bf1 Bxf1 15. Nxf1 Nc6 16. c3 Qb7 17. N3d2 Red8 18. f3 Rd3 19. Nc4 Rad8 20. Qe2 Rxd1 21. Rxd1 Rxd1 22. Qxd1 Qd7 23. Qe2 h5 24. Nce3 Bh6 25. Bc1 Kg7 26. Bd2 Nd8 27. Kg2 Ne6 28. a4 h4 29. Nc4 Bxd2 30. Nfxd2 hxg3 31. hxg3 Nh5 32. Kh2 Ng5 33. Qf1 f5 34. exf5 Qxf5 35. Qg2 Nf6 36. g4 Qf4+ 37. Qg3 Nd5 38. Qxf4 exf4 39. Ne5 Nxc3 40. Nc6 a5 41. Ne5 Ne6 42. Kg2 Nd4 43. Kf2 Nd5 1/2-1/2

[Event "Belgrade op"]
[Site "Belgrade"]
[Date "2009.11.28"]
[Round "5"]
[White "Tomic, Miroslav"]
[Black "Videnova, Iva"]
[Result "1/2-1/2"]
[WhiteElo "2050"]
[BlackElo "2197"]
[PlyCount "62"]
[EventDate "2009.11.24"]
[EventType "swiss"]
[EventRounds "9"]
[EventCountry "YUG"]
[SourceTitle "CBM 133 Extra"]
[Source "ChessBase"]
[SourceDate "2010.01.05"]
[SourceVersion "1"]
[SourceVersionDate "2010.01.05"]
[SourceQuality "1"]

1. d4 g6 2. Nf3 Bg7 3. g3 c5 4. c3 Na6 5. Bg2 Nf6 6. 0-0 0-0 7. Nbd2 d6 8. h3 Re8 9. e4 e5 10. d5 Nh5 11. a4 Bh6 12. Nc4 Bxc1 13. Qxc1 Kg7 14. Kh2 b6 15. Nfd2 Nc7 16. f4 f6 17. f5 Kg8 18. Ne3 g5 19. Bf3 Ng7 20. b4 Kf7 21. Be2 h5 22. Qb2 Re7 23. b5 Re8 24. Ra2 Ke7 25. a5 Bd7 26. axb6 axb6 27. Rfa1 Rxa2 28. Rxa2 Qb8 29. c4 Qb7 30. Qa1 Ra8 31. Rxa8 Nxa8 1/2-1/2

[Event "Belgrade op"]
[Site "Belgrade"]
[Date "2009.11.27"]
[Round "4"]
[White "Nestorovic, Nikola"]
[Black "Tomic, Miroslav"]
[Result "1-0"]
[WhiteElo "2410"]
[BlackElo "2050"]
[PlyCount "79"]
[EventDate "2009.11.24"]
[EventType "swiss"]
[EventRounds "9"]
[EventCountry "YUG"]
[SourceTitle "CBM 133 Extra"]
[Source "ChessBase"]
[SourceDate "2010.01.05"]
[SourceVersion "1"]
[SourceVersionDate "2010.01.05"]
[SourceQuality "1"]

1. e4 c6 2. d4 d5 3. Nc3 dxe4 4. Nxe4 Bf5 5. Ng3 Bg6 6. Nf3 e6 7. h4 h6 8. h5 Bh7 9. Bd3 Bxd3 10. Qxd3 Nd7 11. Bd2 Qc7 12. 0-0-0 Ngf6 13. Ne4 Be7 14. Kb1 0-0 15. Nxf6+ Nxf6 16. Rhg1 c5 17. g4 c4 18. Qe2 Nd5 19. c3 Nf4 20. Bxf4 Qxf4 21. Rg3 b5 22. Ne5 Bf6 23. Rf3 Qg5 24. Re3 a6 25. Rg1 Rad8 26. Re4 Bxe5 27. Rxe5 Qf4 28. g5 f6 29. gxf6 Rxf6 30. Rxe6 Qf5+ 31. Re4 Qxf2 32. Qg4 Rf7 33. Rge1 Qf5 34. a4 Rd5 35. Qg6 Rf8 36. Ka2 Qxh5 37. Qxa6 bxa4 38. Qxc4 Kh7 39. Qd3 Qf5 40. Qc4 1-0

[Event "SRB-chT 1st League"]
[Site "Vrnjacka Banja"]
[Date "2009.09.20"]
[Round "3"]
[White "Stefanovic, Vladimir"]
[Black "Tomic, Miroslav"]
[Result "1-0"]
[WhiteElo "2177"]
[BlackElo "2050"]
[PlyCount "59"]
[EventDate "2009.09.19"]
[EventType "team-swiss"]
[EventRounds "11"]
[EventCountry "YUG"]
[SourceTitle "CBM 132 Extra"]
[Source "ChessBase"]
[SourceDate "2009.11.03"]
[SourceVersion "1"]
[SourceVersionDate "2009.11.03"]
[SourceQuality "1"]

1. Nf3 d5 2. c4 c6 3. g3 Nf6 4. Bg2 g6 5. 0-0 Bg7 6. d4 0-0 7. b3 Na6 8. Bb2 Bf5 9. Nbd2 Be4 10. Nxe4 Nxe4 11. e3 Nc7 12. Qe2 a6 13. Rfd1 f5 14. Ne1 h6 15. Nd3 Kh7 16. Rac1 e6 17. f3 Nd6 18. Ne5 Rc8 19. Ba3 Rg8 20. e4 Bxe5 21. dxe5 Nf7 22. exd5 cxd5 23. f4 g5 24. cxd5 Nxd5 25. Bxd5 Rxc1 26. Bxc1 exd5 27. Qd3 gxf4 28. Qxf5+ Kg7 29. e6 Qb6+ 30. Kh1 1-0

[Event "Osijek op"]
[Site "Osijek"]
[Date "2009.02.06"]
[Round "6"]
[White "Kovacevic, Srecko"]
[Black "Tomic, Miroslav"]
[Result "1-0"]
[WhiteElo "2098"]
[BlackElo "2057"]
[PlyCount "23"]
[EventDate "2009.01.31"]
[EventType "swiss"]
[EventRounds "9"]
[EventCountry "CRO"]
[SourceTitle "EXT 2010"]
[Source "ChessBase"]
[SourceDate "2010.11.25"]
[SourceVersion "1"]
[SourceVersionDate "2010.11.25"]
[SourceQuality "1"]

1. d4 c6 2. Nf3 d5 3. e3 Bg4 4. Nbd2 e6 5. Bd3 f5 6. h3 Bh5 7. g4 fxg4 8. hxg4 Bxg4 9. Rxh7 Rxh7 10. Bg6+ Ke7 11. Bxh7 Qe8 12. Bxg8 1-0

[Event "Osijek op"]
[Site "Osijek"]
[Date "2009.02.02"]
[Round "4"]
[White "Cajzler, Hinko"]
[Black "Tomic, Miroslav"]
[Result "1/2-1/2"]
[WhiteElo "2200"]
[BlackElo "2057"]
[PlyCount "107"]
[EventDate "2009.01.31"]
[EventType "swiss"]
[EventRounds "9"]
[EventCountry "CRO"]
[SourceTitle "EXT 2010"]
[Source "ChessBase"]
[SourceDate "2010.11.25"]
[SourceVersion "1"]
[SourceVersionDate "2010.11.25"]
[SourceQuality "1"]

1. e4 c6 2. d4 d5 3. Nc3 e6 4. a3 Nd7 5. Nf3 dxe4 6. Nxe4 Ngf6 7. Nxf6+ Nxf6 8. Bd3 Qb6 9. c3 Bd6 10. 0-0 Qc7 11. Qe2 Bf4 12. Ne5 Bxc1 13. Raxc1 b6 14. Nxc6 0-0 15. Ne5 Bb7 16. f4 g6 17. Rce1 Rae8 18. Qf2 Nd7 19. Bb5 Nxe5 20. fxe5 Rb8 21. Re3 Qd8 22. Rh3 Qg5 23. Rg3 Qh6 24. Rg4 a6 25. Be2 Qd2 26. Bd1 Qxf2+ 27. Rxf2 a5 28. h4 b5 29. Rgf4 Bd5 30. Be2 Bc4 31. Bd1 Bd3 32. Rd2 Bc4 33. Kf2 b4 34. axb4 axb4 35. Kg3 bxc3 36. bxc3 Rb1 37. Be2 Bxe2 38. Rxe2 Ra8 39. Rd2 Ra4 40. Rdf2 Rb7 41. Kg4 Rd7 42. Kg3 h6 43. d5 Rxf4 44. Kxf4 exd5 45. Ke3 Ra7 46. Kd4 Ra5 47. g3 Kf8 48. Rb2 Ke7 49. Rb7+ Ke6 50. Rb6+ Ke7 51. g4 Ra3 52. Kxd5 Ra5+ 53. Ke4 Ra4+ 54. Kf3 1/2-1/2

[Event "Bizovac Metalis op 15th"]
[Site "Bizovac"]
[Date "2008.02.22"]
[Round "3"]
[White "Tomic, Miroslav"]
[Black "Zovko, Mario"]
[Result "0-1"]
[WhiteElo "2092"]
[BlackElo "2190"]
[PlyCount "94"]
[EventDate "2008.02.21"]
[EventType "swiss"]
[EventRounds "7"]
[EventCountry "CRO"]
[SourceTitle "CBM 122 Extra"]
[Source "ChessBase"]
[SourceDate "2008.03.04"]
[SourceVersion "1"]
[SourceVersionDate "2008.03.04"]
[SourceQuality "1"]

1. e4 c6 2. d4 d5 3. e5 Bf5 4. Ne2 e6 5. Ng3 Bg6 6. Bd3 c5 7. c3 Nc6 8. Be3 Qb6 9. b3 Rc8 10. 0-0 cxd4 11. cxd4 Nb4 12. Bxg6 hxg6 13. Nd2 Nh6 14. h3 Be7 15. Nf3 a5 16. a3 Nc6 17. Qd3 Nf5 18. Nxf5 gxf5 19. Rfc1 0-0 20. h4 f6 21. h5 Rfd8 22. g3 Rd7 23. Kg2 Rcd8 24. Rh1 fxe5 25. Nxe5 Nxe5 26. dxe5 d4 27. Bd2 Qc6+ 28. f3 Qd5 29. Bf4 Rc8 30. Rhc1 Rdc7 31. Rd1 Rc3 32. Rac1 Bxa3 33. Rxc3 Rxc3 34. Qe2 d3 35. Qe1 Rc2+ 36. Bd2 Bb4 37. Qe3 Bxd2 38. Rxd2 Qxb3 39. Kh3 Rxd2 40. Qxd2 Qd5 41. Kg2 a4 42. h6 gxh6 43. Qxh6 d2 44. Qg6+ Kf8 45. Qh6+ Ke8 46. Qg6+ Kd7 47. Qf7+ Kc6 0-1

[Event "Belgrade Trophy 19th"]
[Site "Belgrade"]
[Date "2006.11.26"]
[Round "5"]
[White "Milovic, Aleksandra"]
[Black "Tomic, Miroslav"]
[Result "0-1"]
[WhiteElo "2152"]
[BlackElo "2121"]
[PlyCount "112"]
[EventDate "2006.11.22"]
[EventType "swiss"]
[EventRounds "9"]
[EventCountry "YUG"]
[SourceTitle "CBM 115 Extra"]
[Source "ChessBase"]
[SourceDate "2007.01.10"]
[SourceVersion "1"]
[SourceVersionDate "2007.01.10"]
[SourceQuality "1"]

1. e4 c6 2. d4 d5 3. Nc3 dxe4 4. Nxe4 Nf6 5. Nxf6+ exf6 6. c3 Bd6 7. Bd3 Qc7 8. Ne2 0-0 9. Be3 Re8 10. Qc2 g6 11. h4 Bg4 12. 0-0-0 c5 13. dxc5 Bxc5 14. Bxc5 Bxe2 15. Bxe2 Qxc5 16. Bd3 Nc6 17. h5 Rac8 18. hxg6 hxg6 19. Kb1 Kg7 20. Rh3 Qe5 21. Qd2 Rh8 22. Re3 Qg5 23. Qe2 Ne5 24. Bc2 Rc7 25. Rg3 Qf4 26. Re3 Qg5 27. g3 Rh2 28. Qe1 Nc4 29. Re8 Qb5 30. Bb3 Qf5+ 31. Ka1 Qxf2 32. Qxf2 Rxf2 33. Bxc4 Rxc4 34. Re7 Rg4 35. Rxb7 Rxg3 36. Rxa7 Rd3 37. Rb1 g5 38. Ra4 f5 39. b4 g4 40. b5 g3 41. b6 Rd8 42. Rd4 Rb8 43. b7 g2 44. Rdd1 f4 45. c4 Rc2 46. Rg1 f3 47. Rbf1 Rc3 48. Kb2 Re3 49. Kc2 Rxb7 50. Rf2 Ra7 51. Kd1 Kg6 52. c5 Kg5 53. c6 Kg4 54. Kd2 Raa3 55. Re1 Rxa2+ 56. Kxe3 Rxf2 0-1

[Event "Belgrade Trophy 18th"]
[Site "Obrenovac"]
[Date "2005.??.??"]
[Round "7"]
[White "Tomic, Miroslav"]
[Black "Jakovljevic, Zivota"]
[Result "1-0"]
[WhiteElo "2103"]
[BlackElo "2211"]
[PlyCount "107"]
[EventDate "2005.11.22"]
[EventType "swiss"]
[EventRounds "9"]
[EventCountry "YUG"]
[SourceTitle "CBM 109 Extra"]
[Source "ChessBase"]
[SourceDate "2006.01.03"]
[SourceVersion "2"]
[SourceVersionDate "2006.01.03"]
[SourceQuality "1"]

1. d4 d5 2. Nf3 Nf6 3. c4 c6 4. Nc3 e6 5. Bg5 Nbd7 6. e3 Bb4 7. cxd5 exd5 8. Bd3 Qa5 9. Qb3 Ne4 10. Rc1 Nxg5 11. Nxg5 h6 12. Nf3 0-0 13. 0-0 Re8 14. a3 Be7 15. Qa2 Qd8 16. b4 a6 17. Na4 b5 18. Nb2 Bb7 19. Bb1 a5 20. Qb3 axb4 21. axb4 Bd6 22. Nd3 Qe7 23. Nc5 Nxc5 24. dxc5 Be5 25. Qd3 g6 26. Nxe5 Qxe5 27. Rfd1 Bc8 28. Qd4 Qxd4 29. Rxd4 Ra1 30. Rcd1 Be6 31. h3 Rea8 32. Kh2 R8a3 33. Bc2 R1a2 34. R1d2 Rc3 35. Bd1 Ra1 36. Be2 f5 37. Kg3 Kf7 38. R2d3 Rc4 39. Rd2 Rb1 40. Bxc4 bxc4 41. Ra2 Rxb4 42. Ra7+ Kf6 43. Rc7 g5 44. Rxc6 Ke5 45. Rb6 Ra4 46. c6 Ra5 47. Rd1 f4+ 48. Kf3 Bf5 49. c7 Rc5 50. g3 fxg3 51. fxg3 Rxc7 52. Rxh6 c3 53. h4 c2 54. Rc1 1-0

[Event "Belgrade Trophy 18th"]
[Site "Obrenovac"]
[Date "2005.??.??"]
[Round "2"]
[White "Tomic, Miroslav"]
[Black "Peev, Peicho Chonev"]
[Result "0-1"]
[WhiteElo "2103"]
[BlackElo "2306"]
[PlyCount "94"]
[EventDate "2005.11.22"]
[EventType "swiss"]
[EventRounds "9"]
[EventCountry "YUG"]
[SourceTitle "CBM 109 Extra"]
[Source "ChessBase"]
[SourceDate "2006.01.03"]
[SourceVersion "2"]
[SourceVersionDate "2006.01.03"]
[SourceQuality "1"]

1. d4 Nf6 2. Nf3 d6 3. c4 Nbd7 4. Nc3 e5 5. e4 Be7 6. Be2 0-0 7. 0-0 c6 8. Qc2 Qc7 9. b3 Re8 10. Bb2 Bf8 11. d5 a6 12. Rac1 g6 13. Rfd1 Bh6 14. Rb1 c5 15. Bc1 Bg7 16. Bf1 Rf8 17. h3 h6 18. Be3 Nh5 19. b4 cxb4 20. Rxb4 f5 21. Na4 b5 22. Nc3 f4 23. Bd2 bxc4 24. Rxc4 Qd8 25. Na4 Ndf6 26. Rc1 Bd7 27. Rc7 Bb5 28. Ba5 Qe8 29. Nb6 Rb8 30. Nc4 Bxc4 31. Bxc4 g5 32. Rc6 Rd8 33. Bxd8 Qxd8 34. Bxa6 Ne8 35. Bd3 Nhf6 36. a4 Nd7 37. Qc3 h5 38. a5 g4 39. hxg4 hxg4 40. Nd2 f3 41. Bf1 Bh6 42. Rc2 Bf4 43. g3 Qg5 44. Nxf3 gxf3 45. Qxf3 Nc5 46. R6xc5 dxc5 47. Qg2 Bd2 0-1

[Event "Belgrade Trophy 17th"]
[Site "Obrenovac"]
[Date "2004.11.23"]
[Round "2"]
[White "Marcetic, Marija"]
[Black "Tomic, Miroslav"]
[Result "1-0"]
[WhiteElo "2274"]
[BlackElo "2002"]
[PlyCount "89"]
[EventDate "2004.11.22"]
[EventType "swiss"]
[EventRounds "9"]
[EventCountry "YUG"]
[SourceTitle "CBM 103 Extra"]
[Source "ChessBase"]
[SourceDate "2005.01.01"]
[SourceVersion "1"]
[SourceVersionDate "2005.01.01"]
[SourceQuality "1"]

1. e4 c6 2. d4 d5 3. exd5 cxd5 4. c4 Nf6 5. Nc3 Nc6 6. Bg5 e6 7. Nf3 Bb4 8. c5 Qa5 9. Bd2 Ne4 10. a3 Bxc3 11. bxc3 b6 12. c4 Nxd2 13. Qxd2 Qxd2+ 14. Kxd2 Na5 15. cxd5 bxc5 16. Bb5+ Bd7 17. Bxd7+ Kxd7 18. Ne5+ Ke7 19. d6+ Kxd6 20. Nxf7+ Ke7 21. Nxh8 Nb3+ 22. Kc3 Nxa1 23. dxc5 Nc2 24. Kxc2 Rxh8 25. Rb1 Rc8 26. Rb5 a6 27. Ra5 Ra8 28. Kc3 e5 29. Kc4 Ke6 30. c6 Kd6 31. Rc5 Ra7 32. c7 Rxc7 33. Rxc7 Kxc7 34. Kd5 Kb6 35. Kxe5 Ka5 36. Kd4 Ka4 37. Kc3 Kxa3 38. f4 Ka4 39. Kc4 a5 40. g4 Ka3 41. f5 a4 42. Kc3 Ka2 43. g5 a3 44. Kc2 h5 45. f6 1-0